书目信息 |
| 题名: |
多糖酯化反应
|
|
| 作者: | 海因策 , 利贝尔特 , 科舍拉 著 ;尹学琼 , 林强 译 | |
| 分册: | ||
| 出版信息: | 北京 化学工业出版社 2009 |
|
| 页数: | 187页 | |
| 开本: | 24cm | |
| 丛书名: | Springer高分子科学实验丛书 | |
| 单 册: | ||
| 中图分类: | Q539 | |
| 科图分类: | ||
| 主题词: | 多糖--酯化 , 多糖 , 酯化 | |
| 电子资源: | ||
| ISBN: | 978-7-122-03749-7 | |
| 000 | 01382oam2 2200325 45 | |
| 005 | 20100303151828.20 | |
| 010 | @a978-7-122-03749-7@dCNY39.00 | |
| 100 | @a20100120d2009 ekmy0chiy0120 ea | |
| 101 | 1 | @achi@cger |
| 102 | @aCN@b110000 | |
| 105 | @aa z 000yy | |
| 106 | @ar | |
| 200 | 1 | @a多糖酯化反应@ADuo Tang Zhi Hua Fan Ying@dEsterification of polysaccharides@f(德)T.海因策(T. Heinze),(德)T.利贝尔特(T. Liebert),(德)A.科舍拉(A. Koschella)著@F( De )T. Hai Yin Ce (T. Heinze),( De )T. Li Bei Er Te (T. Liebert),( De )A. Ke She La (A. Koschella) Zhu@g尹学琼,林强译@zeng |
| 210 | @a北京@c化学工业出版社@d2009 | |
| 215 | @a187页@c图@d24cm | |
| 225 | 2 | @aSpringer高分子科学实验丛书 |
| 330 | @a本书共12章,内容涉及多糖酯的经典合成路线、有效的结构表征方法、合成新型多糖酯的新技术、多糖酯的结构-性能关系,以及多糖酯的应用发展趋势等,并归纳了多糖酯化反应的实验操行方法。 | |
| 461 | 0 | @12001 @aSpringer高分子科学实验丛书 |
| 510 | 1 | @aEsterification of polysaccharides@zeng |
| 606 | 0 | @a多糖@x酯化 |
| 606 | 0 | @a多糖 |
| 606 | 0 | @a酯化 |
| 690 | @aQ539@v4 | |
| 701 | 1 | @a海因策@AHai Yin Ce@g(Heinze,T.)@4著 |
| 701 | 1 | @a利贝尔特@ALi Bei Er Te@g(Liebert,T.)@4著 |
| 701 | 1 | @a科舍拉@AKe She La@g(Koschella,A.)@4著 |
| 702 | 0 | @a尹学琼@AYin Xue Qiong@4译 |
| 702 | 0 | @a林强@ALin Qiang@4译 |
| 801 | 0 | @aCN@bTANGWEI@c20100303 |
| 905 | @b0584636-40@dQ539@e164@f5 | |
| 多糖酯化反应=Esterification of polysaccharides/(德)T.海因策(T. Heinze),(德)T.利贝尔特(T. Liebert),(德)A.科舍拉(A. Koschella)著/尹学琼,林强译.-北京:化学工业出版社,2009 |
| 187页:图;24cm.-(Springer高分子科学实验丛书) |
| ISBN 978-7-122-03749-7:CNY39.00 |
| 本书共12章,内容涉及多糖酯的经典合成路线、有效的结构表征方法、合成新型多糖酯的新技术、多糖酯的结构-性能关系,以及多糖酯的应用发展趋势等,并归纳了多糖酯化反应的实验操行方法。 |
| ● |
| 相关链接 |
|
|
|
|
正题名:多糖酯化反应
索取号:Q539/164
 
预约/预借
| 序号 | 登录号 | 条形码 | 馆藏地/架位号 | 状态 | 备注 |
| 1 | 0584636 | 205846361 | 第二样本阅览室/ [索取号:Q539/164] | 在馆 | |
| 2 | 0584637 | 205846370 | 第三借阅区/ [索取号:Q539/164] | 在馆 | |
| 3 | 0584638 | 205846389 | 第三借阅区/ [索取号:Q539/164] | 在馆 | |
| 4 | 0584639 | 205846398 | 第三借阅区/ [索取号:Q539/164] | 在馆 | |
| 5 | 0584640 | 205846405 | 密集书库-生命科学系/ [索取号:Q539/164] | 在馆 |